000 00767nam a2200241Ia 4500
003 OSt
005 20220927112137.0
006 a|||||r|||| 00| 0
007 ta
008 220926b |||||||| |||| 00| 0 eng d
024 _a115467
037 _cReports
040 _aRTL
_cRTL
_beng
041 _2eng
_aeng
082 _a"L:5730X, G7"
110 _a"League of Nations. mixd committee on the relation of nutrition to healthe, agriculture and economic policy"
_9383191
245 0 _aNutrition
_b Fianl Report
260 _c1937
650 _aMedicine
700 _a"League of Nations. mixd committee on the relation of nutrition to healthe, agriculture and economic policy"
_9383192
942 _h"L:5730X, G7"
_cCC
999 _c699844
_d699844